| 000 | 00929nam a22001935i 4500 | ||
|---|---|---|---|
| 001 | 161468 | ||
| 003 | ES-MaACL | ||
| 005 | 20251003164413.0 | ||
| 008 | 990519s1865 sp |||| | spa d | ||
| 040 |
_aCAM _bspa _cCAM |
||
| 100 | 1 |
_aPasaron y Lastra, Angel Justo. _9130870 |
|
| 245 | 1 | 0 |
_aAforismos bancarios o sean Los principios mas selectos para el régimen de los bancos de circulación _b: escrito para acompañar a la obra de M. L. Wolowski titulada La cuestion de bancos / _cpor Angel Justo Pasaron y Lastra. |
| 260 |
_aMadrid : _b[s.n.], _c1865 ( _fEstablecimiento tipográfico de Eduardo Cuesta) |
||
| 300 |
_a40 p. ; _c23 cm. |
||
| 650 | 4 |
_aBancos- _xGestión. _9154539 |
|
| 700 | 1 |
_aWolowski, Louis, _d1810-1876 _9154526 |
|
| 852 |
_aES-MaACL _jT-157-F-2 _z-- Enc. hol. _q-- Falto de la cub. original _z-- Enc. en un vol. facticio _x-- Edic.: t245: Corregir "aforismo" por "aforsismos" |
||
| 999 |
_c161468 _d161468 |
||